|
|
|
|
| LEADER |
00000nam0a2200000 4500 |
| 001 |
100181 |
| 005 |
20231031112040.0 |
| 020 |
|
|
|a RU
|b 83-18865
|
| 035 |
|
|
|a (RuTPU)RU\TPU\book\107761
|
| 090 |
|
|
|a 100181
|
| 100 |
|
|
|a 20060816d1983 k y0rusy5003 ca
|
| 101 |
0 |
|
|a rus
|
| 102 |
|
|
|a RU
|
| 105 |
|
|
|a y z 000zy
|
| 200 |
1 |
|
|a Рекомендации по технико-экономической оценке освещения производственных зданий
|f Научно-исследовательский институт строительной физики (НИИСФ)
|
| 210 |
|
|
|a Москва
|c Стройиздат
|d 1983
|
| 215 |
|
|
|a 40 с.
|d 20 см
|
| 610 |
1 |
|
|a производственные здания
|
| 610 |
1 |
|
|a освещение
|
| 610 |
1 |
|
|a расчет
|
| 610 |
1 |
|
|a естественное освещение
|
| 610 |
1 |
|
|a искусственное освещение
|
| 610 |
1 |
|
|a совмещенное освещение
|
| 610 |
1 |
|
|a экономическая эффективность
|
| 675 |
|
|
|a 628.97
|z rus
|
| 712 |
0 |
2 |
|a Научно-исследовательский институт строительной физики (НИИСФ)
|2 stltpush
|3 (RuTPU)RU\TPU\col\9546
|
| 801 |
|
0 |
|a RU
|b RuMRKP
|c 19950704
|g psbo
|
| 801 |
|
1 |
|a RU
|b 63413507
|c 20060816
|g PSBO
|
| 801 |
|
2 |
|a RU
|b 63413507
|c 20080422
|g PSBO
|
| 942 |
|
|
|c BK
|